000 00347nam a2200133Ia 4500
008 191201s2009 xx 000 0 und d
100 _aMUSA, John D.
245 0 _aSoftware Reliability Engineering More Reliable Software, Faster and Cheaper
250 _aRep
260 _aN.Delhi
_bTMH
_c2009
300 _a608
650 _aMCA
942 _2ddc
_cBK
999 _c4363
_d4363